| 000 | 00513nam a2200181Ia 4500 | ||
|---|---|---|---|
| 003 | OSt | ||
| 005 | 20240223141108.0 | ||
| 008 | 210210b1922 xxu||||| |||| 00| 0 eng d | ||
| 040 | _cAL | ||
| 041 | _aKannada | ||
| 082 | _a851/145 | ||
| 100 |
_aCHANNAPPA UTTANGI _dಚನ್ನಪ್ಪ ಉತ್ತಂಗಿ _9152259 |
||
| 245 |
_aSarvajna vachanagalu _b ಸರ್ವಜ್ಞನ ವಚನಗಳು |
||
| 260 |
_aMangalore _b- _c1922 |
||
| 690 |
_aKannada Poetry _9152262 |
||
| 906 | _a018161 | ||
| 942 |
_2ddc _cBK |
||
| 999 |
_c141287 _d141287 |
||